La condición humana / André Malraux; César Comet, Traductor (Registro nro. 40338)
[ vista simple ]
| 000 -LÍDER | |
|---|---|
| Campo fijo de descripción fija | 003870000a22001450004500 |
| 041 0# - CÓDIGO DE IDIOMA | |
| Código de idioma para texto/pista de sonido o título separado | |
| 082 04 - NÚMERO DE CLASIFICACIÓN DECIMAL DEWEY | |
| Número de clasificación | G 843 M259c |
| 001 - NÚMERO DE CONTROL | |
| Campo de control | 10950 |
| 100 1# - ASIENTO PRINCIPAL--NOMBRE PERSONAL | |
| Nombre personal | Malraux, Andre |
| 245 10 - TÍTULO | |
| Título del Material | La condición humana / André Malraux; César Comet, Traductor |
| 260 ## - PUBLICACIÓN, DISTRIBUCIÓN, ETC. (PIE DE IMPRENTA) | |
| Lugar de publicación, distribución, etc. | Bogotá, Colombia : Círculo de Lectores |
| 300 ## - DESCRIPCIÓN FÍSICA | |
| Extensión | 291 Pag |
| 500 ## - NOTA GENERAL | |
| Nota General | Título original : La condition humaine |
| 942 ## - TIPO DE MATERIAL (KOHA) | |
| Tipo de Item KOHA | Libros General |
| Estado de Material | Estado de Perdido | Estado de Dañado | No para Préstamo | Colección | Tomo | Biblioteca de Origen | Biblioteca Permanente | Fecha de Adquisición | Total de Préstamos | Signatura Topográfica | Código de Barras | Última vez visto | Ejemplar/Existencia | Fecha de Remplazo | Tipo de Material |
|---|---|---|---|---|---|---|---|---|---|---|---|---|---|---|---|
| Colección General | Biblioteca FUSBC | Biblioteca FUSBC | 25/01/2005 | G 843 M259c | 10151 | 12/12/2019 | 1 | 26/01/2016 | Libros General |
